| 000 | 004250000a22001690004500 | ||
|---|---|---|---|
| 003 | MACL | ||
| 005 | 20160112134244.0 | ||
| 008 | 160112b xxu||||| |||| 00| 0 eng d | ||
| 040 |
_aMACL _cMACL |
||
| 041 | _aEnglish | ||
| 082 | _a925/TYN | ||
| 100 |
_aTyndall, John _931311 |
||
| 245 | _aFaraday as A Discoverer | ||
| 260 |
_bLongman's Green And Co _c1868 _aLondon |
||
| 650 |
_aBiography _931312 |
||
| 942 |
_cBK _k925/TYN _2ddc |
||
| 999 |
_c37365 _d37365 |
||